แสดงรายละเอียดบรรณานุกรม
  กลับหน้าหลัก

Brief Record : Get Marc (ISO 2709) : E-mail record : QR code ปิดหน้าต่าง
LEADER 00000nam 2200000uu 4500
008    140520s2013||||th 000 0 eng d
020    ^a9780702043048
041 0  ^aeng
060  4 ^aWY 152 M145p 2013
100 0  ^aMcGarry, Julie...[et.al.]
245 00 ^aPlacement learning in older people nursing : ^ba guide for students in practice/^cJulie McGarry...[et.al.]
246 32 ^aOlder people nursing : ^ba guide for students in practice
260    ^aEdinburgh,london : ^bBailliere Tindall/Elsevier,^c2013.
300    ^axiii,191 p.
650  0 ^aNursing
650  0 ^aGeriatric ^xnursing
700 0  ^aMcGarry, Julie.
999    ^aใช้งานได้ทุกระบบ
รายการนี้ยังไม่มีแท็ก
คุณยังไม่ได้ล็อกอิน คุณสามารถมีกิจกรรมร่วมกับเว็บไซต์ได้ แต่ต้องล็อกอินก่อน ::
  ล็อกอิน
ลำดับที่ ประเภท เลขเรียก สถานที่ สถานะ
1. หนังสือทั่วไป
หนังสือทั่วไป
WY 152 M145p 2013  
  
การพยาบาลผู้ใหญ่ On Shelf
  ขอยืม
Note:ปีงบประมาณ 2557
   [แสดง 1/1 รายการ]

รายการใกล้เคียง
    หัวเรื่อง [Nursing]

BibComment


ยังไม่เคยถูกคอมเมนท์

คอมเมนท์ทรัพยากรรายการนี้
  คอมเมนท์: Placement learni..
Bib 209895

 
 
 

 Union Library Management : ULibM
Copyright 2026. All Rights Reserved.
скачать бесплатно без регистрации порно красивый секс HD Sex Hindi sex

xxx gou

xxxx

bfxxx

xxxwww

Секса Видео

xxxx

Секса Видео

detube

geilexxx

C99 Shell

worms shell

blod xxx video
Ebony Coed Rihanna Rimes Takes A Dick In Her Young Twat priyaa indian fuck anal and pusssy hardcore indian women xxx desi hardcore fucking part 1 bengalixxxcouple